1009 1589 1846 1344 1004 1049 1284 1320 1506 1496 1157 1305 1105 1226 1693 1570 1369 1336 1628 1146 1519 1753 1747 1267 1701 1484 1322 1854 1058 1536 1188 1454 1266 1772 1470 1525 1114 1791 1351 1113 1822 1911 1386 1572 1844 1195 1214 1589 1438 1374 1279 1897 1177 1254 1746 1581 1966 1711 1256 1796 1390 1132 1640 1085 1082 1987 1358 1756 1571 1064 1379 1885 1137 1697 1878 1493 1483 1874 1347 1201 1419 1792 1071 1312 1558 1960 1022 1282 1439 1553 1471 1586 1672 1077 1418 1449 1467 1614 1789 BCNSPRNW ULIB Ver.6.0+V

เปลี่ยนเป็นภาษาไทย

Change to English
 แสดงรายละเอียดบรรณานุกรม
  กลับหน้าหลัก

Brief Record : Get Marc (ISO 2709) : E-mail record : QR code < ปิดหน้าต่าง
LEADER : 00000nam 2200000uu 4500
001    13399126209
003     ULIB
008    180726s2017||||th 000 0 tha d
020    ^a9781496362247
060    ^aQV4^bK18F
100    ^aAmy M. Karch.
245    ^aFocus on Nursing Pharmacology
250    ^a7th ed
260    ^aPhiladelphia :^bWolters Kluwer,^c2017
300    ^a1106 pages;^b30 cm
650    ^aPharmaceutical Preparations
650  0 ^aDrug Therapy
945    ^p0^l0^i26426
999    ^aกัณชพร จุลอักษร
รายการนี้ยังไม่มีแท็ก
คุณยังไม่ได้ล็อกอิน คุณสามารถมีกิจกรรมร่วมกับเว็บไซต์ได้ แต่ต้องล็อกอินก่อน ::
  ล็อกอิน

รายการสื่อสารสนเทศ

ลำดับที่ ประเภท เลขเรียก/บาร์โค้ด สถานที่ สถานะ
1. วิทยาศาสตร์การแพทย์ และสุขภาพ
วิทยาศาสตร์การแพทย์ และสุขภาพ
QV4 K18F ฉ.1 
  Barcode: 26426
ห้องสมุดวิทยาเขตนครสวรรค์
►หนังสือทั่วไป:l:General Books
บนชั้น

รายการใกล้เคียง
    ชื่อเรื่อง [Focus on Nursing Pharmacology]

    ผู้แต่ง [Amy M. Karch.]

    หัวเรื่อง [Pharmaceutical Preparations]
    หัวเรื่อง [Drug Therapy]

BibComment


ยังไม่เคยถูกคอมเมนท์

คอมเมนท์ทรัพยากรรายการนี้
  คอมเมนท์: Focus on Nursing..


 Copyright 2026. Bcnsprnw @Library